[Event "Urumia op 2nd"]
[Site "Urumia"]
[Date "2008.08.29"]
[Round "6"]
[White "Modarresvamegh, S Ebrahim"]
[Black "Aghayev, Nijat"]
[Result "1/2-1/2"]
[WhiteElo "2113"]
[BlackElo "2281"]
[PlyCount "40"]
[EventDate "2008.08.26"]
[EventType "swiss"]
[EventRounds "10"]
[EventCountry "IRI"]
[SourceTitle "CBM 126 Extra"]
[Source "ChessBase"]
[SourceDate "2008.11.05"]
[SourceVersion "1"]
[SourceVersionDate "2008.11.05"]
[SourceQuality "1"]

1. e4 e5 2. Nf3 Nf6 3. Nc3 Bb4 4. a3 Bxc3 5. dxc3 0-0 6. Qd3 h6 7. c4 d6 8. h3 Nbd7 9. Be3 b6 10. 0-0-0 Bb7 11. Nd2 Nc5 12. Bxc5 dxc5 13. Qf3 Qe7 14. Bd3 Rad8 15. g4 Nh7 16. h4 g6 17. Qe3 Kg7 18. Rdg1 Rd6 19. Nf1 Bc8 20. Qg3 c6 1/2-1/2